Bella

José es un futbolista que ve como su sueño por firmar un contrato multimillonario se trunca de forma trágica. Trabajando como chef en un restaurante de Nueva York, conoce a Nina, una camarera con la que establecerá una especial relación.

Guardado en:
Autor Principal: Gómez Monteverde, Alejandro.
Autor Corporativo: Mpower Pictures.
Otros Autores: Verastegui, Eduardo; Reparto., Blanchard, Tammy; Reparto.
Formato: Deslizar
Idioma:Undetermined
Publicado: Estados Unidos : Roadside Attractions, 2006.
Materias:
Etiquetas: Agregar Etiqueta
Sin Etiquetas, Sea el primero en etiquetar este registro!
LEADER 01092ngm a22002295a 4500
001 CEM.cems020644
008 231115s2006####xx#---############vlund#d
005 20231115185241.0
245 1 0 |a Bella  |h [videograbación] /  |c Alejandro Gómez Monteverde. 
260 |a Estados Unidos :  |b Roadside Attractions,  |c 2006. 
300 |a 88'. 
520 |a José es un futbolista que ve como su sueño por firmar un contrato multimillonario se trunca de forma trágica. Trabajando como chef en un restaurante de Nueva York, conoce a Nina, una camarera con la que establecerá una especial relación. 
590 |a Identificación anterior: 281 
538 |a Soporte: DVD -- Formato: AVI – Peso:706mb -- Resolución: 640 x 360 -- 25 fps 
500 |a Título original: Bella – Idioma: Inglés – Subtítulos: Español. 
100 1 |a Gómez Monteverde, Alejandro. 
700 1 |a Verastegui, Eduardo; Reparto. 
700 1 |a Blanchard, Tammy; Reparto. 
710 2 |a Mpower Pictures. 
653 |a FICCIÓN 
653 |a LARGOMETRAJE 
859 |a CEMS  |b BIB. CEMS - Depto. Recursos Didacticos  |h 778.5  |i GOM  |k DRD  |p 3222.23  |t Ej.1